Obálka Náhled e-knihy:
Epub
Pro půjčování e-knih musíte být přihlášeni.
Jak si půjčit online?

Přežít : zůstaňte mladí a zdraví co nejdéle /

Podle autora stárnutí nemusí být synonymem upadající kvality života. Je však třeba nahradit zastaralý rámec současné medicíny personalizovanou, proaktivní strategií zaměřenou na celé dekády dopředu.

Uloženo v:
Hlavní autor: Attia, Peter, 1973- (Autor)
Další autoři: Gifford, Bill (Autor), Mirovská, Helena, 1979- (Autor)
Médium: E-kniha
Jazyk:Czech
Vydáno: V Brně : Jan Melvil Publishing, 2023
Vydání:Vydání první
Edice:Pod povrchem
Témata:
On-line přístup:Plný text PDF (Bookport)
Plný text - pro registrované uživatele NK ČR
Tagy:
Žádné tagy
LEADER 02966nam a2200613 i 4500
001 312180
003 CZ PrSKC
005 20260601215718.0
007 ta
008 231130s2023 xr a e f 001 0 cze
015 |a cnb003576383 
020 |a 9788075551979  |q (vázáno) 
035 |a (OCoLC)1420607039 
040 |a BOA001  |b cze  |e rda 
041 1 |a cze  |h eng 
072 7 |a 613  |x Hygiena. Lidské zdraví  |2 Konspekt 
080 |a 612.67  |2 MRF 
080 |a 616-092.11  |2 MRF 
080 |a 616-084  |2 MRF 
080 |a 613  |2 MRF 
080 |a (0.062)  |2 MRF 
100 1 |a Attia, Peter,  |d 1973-  |7 xx0310958  |4 aut 
240 1 0 |a Outlive.  |l Česky 
245 1 0 |a Přežít :  |b zůstaňte mladí a zdraví co nejdéle /  |c Peter Attia a Bill Gifford ; překlad: Helena Mirovská 
250 |a Vydání první 
264 1 |a V Brně :  |b Jan Melvil Publishing,  |c 2023 
300 |a 455 stran :  |b ilustrace ;  |c 24 cm 
336 |a text  |b txt  |2 rdacontent 
337 |a bez média  |b n  |2 rdamedia 
338 |a svazek  |b nc  |2 rdacarrier 
490 1 |a Pod povrchem 
500 |a Přeloženo z angličtiny 
504 |a Obsahuje bibliografii, bibliografické odkazy a rejstřík 
520 2 |a Podle autora stárnutí nemusí být synonymem upadající kvality života. Je však třeba nahradit zastaralý rámec současné medicíny personalizovanou, proaktivní strategií zaměřenou na celé dekády dopředu.  |b Kniha poskytne zásadní nutriční rady a techniky pro optimalizaci cvičení, spánku i duševního zdraví a detailní přehled o klíčových ukazatelích nejvražednějších nemocí: srdečních onemocnění, rakoviny, Alzheimerovy choroby a cukrovky 2. typu. 
650 0 7 |a stárnutí  |7 ph126175  |2 czenas 
650 0 7 |a zdraví a nemoc  |7 ph158519  |2 czenas 
650 0 7 |a prevence onemocnění  |7 ph137258  |2 czenas 
650 0 7 |a péče o zdraví  |7 ph124852  |2 czenas 
650 0 9 |a aging  |2 eczenas 
650 0 9 |a health and disease  |2 eczenas 
650 0 9 |a prevention of diseases  |2 eczenas 
650 0 9 |a health care  |2 eczenas 
655 7 |a populárně-naučné publikace  |7 fd131864  |2 czenas 
655 9 |a popular works  |2 eczenas 
700 1 |a Gifford, Bill  |7 xx0311006  |4 aut 
700 1 |a Mirovská, Helena,  |d 1979-  |7 xx0165974  |4 trl 
830 0 |a Pod povrchem 
856 4 0 |u https://www.bookport.cz/kniha/prezit-12299/  |y Plný text PDF (Bookport)  |4 N 
856 4 1 |u https://www.bookport.cz/AccountSaml/SignIn/?idp=https%3A%2F%2Fshibboleth.nkp.cz%2Fidp%2Fshibboleth&returnUrl=/kniha/prezit-12299/  |y Plný text - pro registrované uživatele NK ČR  |4 N 
900 |a ABA001  |b 20 
044 |a xr 
910 |a RBIT002 
998 |d 391049  |a https://core.palmknihy.cz/api/books/391049/cover?s3p8tn  |b https://core.palmknihy.cz/api/books/391049/cover/400?s3p8tn  |c https://core.palmknihy.cz/api/books/391049/cover/50?s3p8tn  |e   |g 456  |i 9788075551979  |j https://core.palmknihy.cz/api/books/391049/preview.epub  |l   |q 49  |r 1  |s https://www.palmknihy.cz/kniha/391049  |t ebook  |y 2023  |z 0 
999 |d 312178